[Event "XXXIII Memorial Edoardo Crespi B"]
[Site "Milano ITA"]
[Date "2012.12.05"]
[Round "1"]
[White "Priori, Gabriele"]
[Black "Pollio, Ciro"]
[WhiteElo "1608"]
[BlackElo "1714"]
[Result "1-0"]
[PlyCount "93"]
[EventDate "2012.12.05"]

1. d4 d5 2. Bf4 e6 3. e3 Nf6 4. Nd2 c5 5. c3 Nc6 6. Bd3 c4 7. Bc2 b5 8. a3 a5
9. Ngf3 Be7 10. h3 O-O 11. Ne5 Bb7 12. Ndf3 h6 13. O-O Bd6 14. Nd2 Qc7 15. Nxc6
Bxf4 16. exf4 Bxc6 17. f5 e5 18. dxe5 Qxe5 19. Nf3 Qf4 20. Nd4 Bd7 21. Re1 Rfe8
22. Qf3 Qxf3 23. Nxf3 Kf8 24. Kf1 Rxe1+ 25. Rxe1 Re8 26. Ne5 Bc8 27. Nc6 Rxe1+
28. Kxe1 a4 29. Ke2 Bd7 30. Nd4 Ke7 31. Ke3 Kd6 32. Bd1 Ne4 33. Bh5 Be8 34. Bd1
Ke5 35. Bc2 Nd6 36. Nf3+ Kf6 37. Kd4 Nxf5+ 38. Bxf5 Kxf5 39. Kxd5 g5 40. Nd4+
Kg6 41. Kc5 g4 42. hxg4 Kg5 43. Nxb5 Kxg4 44. Nd6 Bd7 45. Nxf7 Be6 46. Ne5+ Kf4
47. Nxc4 1-0

[Event "XXXIII Memorial Edoardo Crespi B"]
[Site "Milano ITA"]
[Date "2012.12.05"]
[Round "1"]
[White "Ricci, Leonardo"]
[Black "Biffi, Roberto"]
[WhiteElo "1540"]
[BlackElo "1691"]
[Result "1/2-1/2"]
[PlyCount "70"]
[EventDate "2012.12.05"]

1. e4 d6 2. d4 Nf6 3. Nc3 g6 4. Bc4 Bg7 5. Bg5 O-O 6. Nf3 Bg4 7. h3 Bxf3 8.
Qxf3 Nbd7 9. O-O c5 10. dxc5 Nxc5 11. Qe3 a6 12. a3 Rc8 13. Ba2 b5 14. b4 Ncd7
15. Rac1 Ng4 16. hxg4 Rxc3 17. Qa7 h6 18. Be3 Nb8 19. Bb3 Qd7 20. Qxd7 Nxd7 21.
Bd2 Rc7 22. c4 Rfc8 23. cxb5 axb5 24. a4 bxa4 25. Bxa4 Nb6 26. Bb3 g5 27. Rxc7
Rxc7 28. Rc1 Rxc1+ 29. Bxc1 Bd4 30. Kf1 e5 31. Ke2 Kf8 32. f3 Ke7 33. Kd3 f6
34. Bd2 Kd7 35. b5 Kc7 1/2-1/2

[Event "XXXIII Memorial Edoardo Crespi B"]
[Site "Milano ITA"]
[Date "2012.12.05"]
[Round "1"]
[White "Ricciardi, Arcangelo"]
[Black "Gerosa, Davide"]
[WhiteElo "1691"]
[BlackElo "1539"]
[Result "1-0"]
[PlyCount "81"]
[EventDate "2012.12.05"]

1. e4 e6 2. d4 d5 3. e5 c5 4. c3 Nc6 5. Nf3 Bd7 6. Bd3 Qb6 7. dxc5 Bxc5 8. O-O
O-O-O 9. b4 Be7 10. Be3 Qc7 11. a4 Nxe5 12. Nxe5 Qxe5 13. Bd4 Qg5 14. f4 Qh6
15. Bxa7 Bd6 16. Qf3 Bc6 17. b5 Bd7 18. a5 g5 19. Be3 Nf6 20. h3 gxf4 21. Bxf4
Bc5+ 22. Kh1 Qg7 23. Be5 Be7 24. Bxf6 Bxf6 25. Qxf6 Rhg8 26. Ra2 Qxf6 27. Rxf6
Rgf8 28. Bxh7 Bxb5 29. Raf2 Rd7 30. Na3 Ba4 31. Bg6 Rc7 32. Bxf7 Rfxf7 33. Rxf7
Rxc3 34. Nb1 Rc1+ 35. Rf1 Rc5 36. Rg7 Kb8 37. h4 d4 38. g4 d3 39. a6 Rc2 40.
Rxb7+ Kc8 41. Rf8+ 1-0

[Event "XXXIII Memorial Edoardo Crespi B"]
[Site "Milano ITA"]
[Date "2012.12.05"]
[Round "1"]
[White "Rosini, Luca Ungaro"]
[Black "Casamassima, Paolo"]
[WhiteElo "1392"]
[BlackElo "1657"]
[Result "0-1"]
[PlyCount "56"]
[EventDate "2012.12.05"]

1. d4 d5 2. c4 e6 3. Nc3 Nf6 4. Bg5 Be7 5. e3 O-O 6. cxd5 exd5 7. Bd3 h6 8. Bh4
c6 9. Nge2 Nbd7 10. O-O Re8 11. f3 Nf8 12. e4 dxe4 13. fxe4 Bg4 14. e5 Nd5 15.
Bxe7 Rxe7 16. Nxd5 Qxd5 17. Qd2 Ne6 18. Nf4 Qxd4+ 19. Kh1 Qxe5 20. Nxe6 Bxe6
21. Rad1 Rae8 22. Rfe1 Qf6 23. b3 Bd5 24. Rf1 Qh4 25. h3 Qxh3+ 26. Kg1 Qh4 27.
Bf5 Re2 28. Qc3 Rxg2# 0-1

[Event "XXXIII Memorial Edoardo Crespi B"]
[Site "Milano ITA"]
[Date "2012.12.05"]
[Round "1"]
[White "Spada, Maurizio"]
[Black "Libutti, Michele"]
[WhiteElo "1625"]
[BlackElo "1736"]
[Result "0-1"]
[PlyCount "130"]
[EventDate "2012.12.05"]

1. e4 c6 2. d4 d5 3. exd5 cxd5 4. Nf3 Nf6 5. Bd3 Nc6 6. O-O Bg4 7. Be3 e6 8.
Nbd2 Bd6 9. c3 O-O 10. h3 Bh5 11. Qc2 Rc8 12. a3 Re8 13. Nh2 Qc7 14. Ndf3 e5
15. Bf5 exd4 16. Bg5 Bg6 17. Bxf6 gxf6 18. Ng4 Kg7 19. Nh4 Rcd8 20. Qd2 Bf4 21.
Qd3 dxc3 22. Qxc3 Bg5 23. Nxg6 fxg6 24. Bc2 d4 25. Qc4 f5 26. Nh2 Bf6 27. Rab1
Qd7 28. Bd3 Ne5 29. Qc2 Rc8 30. Qd2 Nxd3 31. Qxd3 Re4 32. Rfe1 Rce8 33. Nf3
Rxe1+ 34. Rxe1 Rxe1+ 35. Nxe1 Qc6 36. Nc2 Qb6 37. b3 Qc5 38. a4 Qc3 39. Qxc3
dxc3 40. Kf1 Kf7 41. Ke2 Ke6 42. Kd3 Kd5 43. Ne3+ Kc5 44. Kc2 a6 45. Nd1 Kb4
46. Ne3 Bd4 47. Nd5+ Kc5 48. Nxc3 Bxf2 49. Na2 a5 50. Nc1 Kd4 51. Nd3 Be3 52.
b4 b6 53. b5 Ke4 54. Kc3 f4 55. Ne1 g5 56. Kc4 h5 57. Kc3 g4 58. hxg4 hxg4 59.
Kc2 f3 60. gxf3+ gxf3 61. Nxf3 Kxf3 62. Kd3 Bc5 63. Kc4 Ke4 64. Kc3 Ke5 65. Kb3
Kd4 0-1

[Event "XXXIII Memorial Edoardo Crespi B"]
[Site "Milano ITA"]
[Date "2012.12.05"]
[Round "1"]
[White "Spelta, Andrea"]
[Black "Fornari, Sergio"]
[WhiteElo "1744"]
[BlackElo "1629"]
[Result "1/2-1/2"]
[PlyCount "100"]
[EventDate "2012.12.05"]

1. g3 g6 2. Bg2 Bg7 3. c4 c6 4. Nc3 Nf6 5. e4 d6 6. Nge2 e5 7. O-O Be6 8. d3
O-O 9. b3 Qc8 10. Ba3 Rd8 11. f4 exf4 12. Nxf4 Ng4 13. Qd2 Na6 14. d4 Nc7 15.
Rad1 Ne8 16. Qe2 Bd7 17. Qf3 Nh6 18. h3 f5 19. d5 Qc7 20. Bc1 Qc8 21. Nfe2 c5
22. Bxh6 Bxh6 23. exf5 gxf5 24. Nf4 Ng7 25. Rde1 Re8 26. Nb5 Bxb5 27. cxb5 Qd7
28. Nh5 Qf7 29. Nxg7 Rxe1 30. Rxe1 Bxg7 31. Rf1 Rf8 32. h4 Be5 33. Bh3 Kh8 34.
Bxf5 Qg7 35. g4 Qh6 36. Kg2 Qd2+ 37. Rf2 Qd4 38. Qe4 Qxe4+ 39. Bxe4 Rxf2+ 40.
Kxf2 h6 41. Kf3 Kg7 42. Bf5 b6 43. Bd3 Kf6 44. Ke4 Bg3 45. h5 Kg5 46. Be2 Be1
47. Kf3 Bd2 48. Bd3 Kf6 49. Ke4 Bg5 50. Be2 Bc1 1/2-1/2

[Event "XXXIII Memorial Edoardo Crespi B"]
[Site "Milano ITA"]
[Date "2012.12.05"]
[Round "1"]
[White "Torelli, Mauro"]
[Black "Pioggia, Massimiliano"]
[WhiteElo "1728"]
[BlackElo "1622"]
[Result "1-0"]
[PlyCount "73"]
[EventDate "2012.12.05"]

1. d4 d5 2. Bf4 Nf6 3. Nf3 e6 4. e3 Bd6 5. Ne5 O-O 6. c4 Bb4+ 7. Nc3 Ne4 8. Qc2
c5 9. Bd3 cxd4 10. exd4 Nc6 11. Nxc6 bxc6 12. O-O f5 13. c5 Ba5 14. Ne2 Bc7 15.
f3 Ng5 16. b4 a6 17. Qd2 Nf7 18. Rae1 e5 19. dxe5 Nxe5 20. Bg5 Qd7 21. Nd4 a5
22. b5 Rf7 23. bxc6 Nxc6 24. Ne6 Nb4 25. Nxc7 Qxc7 26. Re8+ Rf8 27. Re7 Qxc5+
28. Kh1 Nxd3 29. Qxd3 Ba6 30. Qb1 d4 31. Rc1 Bc4 32. Qb7 Ra7 33. Rxg7+ Kh8 34.
Rxh7+ Kg8 35. Qxa7 Qxa7 36. Rxa7 Re8 37. h4 1-0

[Event "XXXIII Memorial Edoardo Crespi B"]
[Site "Milano ITA"]
[Date "2012.12.05"]
[Round "1"]
[White "Valdettaro, Filippo"]
[Black "Capostagno, Francesco"]
[WhiteElo "1708"]
[BlackElo "1587"]
[Result "1-0"]
[PlyCount "51"]
[EventDate "2012.12.05"]

1. e4 d5 2. exd5 Qxd5 3. Nc3 Qa5 4. d4 Nf6 5. Nf3 c6 6. Ne5 Bf5 7. g4 Be4 8. f3
Bg6 9. h4 h6 10. Nxg6 fxg6 11. Bd3 Kf7 12. Bc4+ Nd5 13. h5 Qd8 14. hxg6+ Ke8
15. Qe2 Qd6 16. Qe4 Qg3+ 17. Kf1 Nf6 18. Qf4 Qxf4 19. Bxf4 Kd7 20. Re1 b5 21.
Be6+ Kd8 22. g5 Ne8 23. Nxb5 cxb5 24. Bd5 Nc7 25. Bxa8 Nxa8 26. Bxb8 1-0

[Event "XXXIII Memorial Edoardo Crespi B"]
[Site "Milano ITA"]
[Date "2012.12.05"]
[Round "1"]
[White "Vece, Luigi"]
[Black "Colonetti, Fabio"]
[WhiteElo "1674"]
[BlackElo "1446"]
[Result "1-0"]
[PlyCount "43"]
[EventDate "2012.12.05"]

1. d4 d5 2. Nf3 Nf6 3. c4 e6 4. Nc3 Nbd7 5. Bg5 Be7 6. e3 O-O 7. Bd3 b6 8. Qc2
Bb7 9. O-O Rc8 10. Rfe1 c5 11. Qe2 Qc7 12. cxd5 exd5 13. Rac1 Rfe8 14. Bf4 Bd6
15. Nb5 Qc6 16. Nxd6 Ne4 17. Bb5 Qc7 18. Nxe8 Qd8 19. Nd6 Nxd6 20. Bxd6 c4 21.
Bf4 Nf6 22. Ne5 1-0

[Event "XXXIII Memorial Edoardo Crespi B"]
[Site "Milano ITA"]
[Date "2012.12.05"]
[Round "1"]
[White "Versari, Marino"]
[Black "Trent, Alan M."]
[WhiteElo "1583"]
[BlackElo "1706"]
[Result "0-1"]
[PlyCount "80"]
[EventDate "2012.12.05"]

1. d4 Nf6 2. c4 c5 3. d5 e6 4. Nc3 exd5 5. cxd5 d6 6. Nf3 g6 7. Bf4 Bg7 8. e4
O-O 9. Bd3 a6 10. O-O b5 11. Rb1 Bg4 12. h3 b4 13. hxg4 bxc3 14. bxc3 Nxg4 15.
Rb6 Qxb6 16. Nd2 Ne5 17. Bxe5 Bxe5 18. Nc4 Qc7 19. Qc2 Nd7 20. g3 Bg7 21. f4 a5
22. Nd2 Nf6 23. c4 Ng4 24. Re1 Bd4+ 25. Kh1 Ne3 26. Qc1 Qd7 27. Kh2 Qg4 28. Be2
Qd7 29. Nb3 Rfe8 30. Bf3 Ng4+ 31. Kg2 f5 32. Nxd4 cxd4 33. Bxg4 fxg4 34. e5
dxe5 35. fxe5 Qf5 36. Qf4 Qc2+ 37. Kg1 Rf8 38. Qxd4 Rf3 39. Qxg4 Qf2+ 40. Kh1
Qxe1+ 0-1

[Event "XXXIII Memorial Edoardo Crespi B"]
[Site "Milano ITA"]
[Date "2012.12.05"]
[Round "1"]
[White "Viotti, Alberto"]
[Black "Romagnoli, Thomas"]
[WhiteElo "1588"]
[BlackElo "1709"]
[Result "1/2-1/2"]
[PlyCount "44"]
[EventDate "2012.12.05"]

1. d4 d5 2. Nf3 Nf6 3. c3 Nbd7 4. Bf4 e6 5. e3 b6 6. Bd3 Bb7 7. O-O Bd6 8. Bxd6
cxd6 9. Nbd2 O-O 10. Qc2 Rc8 11. e4 dxe4 12. Nxe4 Bxe4 13. Bxe4 Nxe4 14. Qxe4
Nf6 15. Qd3 Qc7 16. Rad1 Rfe8 17. Rfe1 h6 18. h3 Qc6 19. Re2 Rc7 20. Rde1 Nd5
21. Re4 Nf6 22. R4e2 Nd5 1/2-1/2

[Event "XXXIII Memorial Edoardo Crespi B"]
[Site "Milano ITA"]
[Date "2012.12.06"]
[Round "2"]
[White "Bianchi, Angelo Massimo"]
[Black "Aloe, Giancarlo"]
[WhiteElo "1745"]
[BlackElo "1666"]
[Result "1/2-1/2"]
[PlyCount "134"]
[EventDate "2012.12.05"]

1. e4 c5 2. Nf3 d6 3. d4 cxd4 4. Nxd4 Nf6 5. Nc3 a6 6. Bc4 e6 7. Bb3 Nc6 8. a3
Be7 9. O-O O-O 10. Kh1 Qc7 11. f4 Re8 12. f5 Bf8 13. Bg5 Nxd4 14. Qxd4 Ng4 15.
Qd1 Ne5 16. f6 b5 17. fxg7 Bxg7 18. Qh5 Rf8 19. Rf4 Ng6 20. Rf3 Qc5 21. Rh3 h6
22. Bxh6 Qxh5 23. Rxh5 Bxh6 24. Rxh6 Kg7 25. Rh3 d5 26. exd5 exd5 27. Rd3 Be6
28. Bxd5 Rad8 29. Bxe6 Rxd3 30. cxd3 fxe6 31. Kg1 Rd8 32. Rd1 Ne5 33. Kf1 Ng4
34. Kg1 Ne3 35. Rd2 Rf8 36. Rf2 Rd8 37. Rf3 Rxd3 38. Kf2 Ng4+ 39. Kg3 Ne3 40.
h3 Nf5+ 41. Kf4 Rd2 42. g4 Nh4 43. Rg3 Rxb2 44. Nd1 Rd2 45. Ne3 Rf2+ 46. Ke5
Kf7 47. Kd4 Rf4+ 48. Kc5 Ra4 49. Nd1 Rc4+ 50. Kb6 Rd4 51. Nb2 Rd6+ 52. Kc7 Ke7
53. Rd3 Rd5 54. Rxd5 exd5 55. Kc6 Ke6 56. Nd3 Nf3 57. Nb4 Ne5+ 58. Kb6 Nc4+ 59.
Kxa6 Nxa3 60. g5 d4 61. h4 Kf5 62. Nd3 Nc4 63. Kxb5 Nd6+ 64. Kc5 Ne4+ 65. Kxd4
Nxg5 66. h5 Ne6+ 67. Ke3 Kg5 1/2-1/2

[Event "XXXIII Memorial Edoardo Crespi B"]
[Site "Milano ITA"]
[Date "2012.12.06"]
[Round "2"]
[White "Bianchi, Paolo"]
[Black "Madaschi, Sergio"]
[WhiteElo "1676"]
[BlackElo "1516"]
[Result "1-0"]
[PlyCount "49"]
[EventDate "2012.12.05"]

1. Nf3 Nf6 2. d4 d5 3. e3 e6 4. Bd3 c5 5. c3 Nc6 6. O-O Bd6 7. Nbd2 O-O 8. Re1
b6 9. e4 dxe4 10. Nxe4 Nxe4 11. Bxe4 Bb7 12. dxc5 Bxc5 13. Qc2 g6 14. Bh6 Re8
15. Rad1 Qc7 16. h4 f5 17. Bd3 Bf8 18. Qc1 Bxh6 19. Qxh6 Qg7 20. Qxg7+ Kxg7 21.
Bc4 Bc8 22. Bb5 Bb7 23. Rd7+ Re7 24. Bxc6 Rxd7 25. Bxd7 1-0

[Event "XXXIII Memorial Edoardo Crespi B"]
[Site "Milano ITA"]
[Date "2012.12.06"]
[Round "2"]
[White "Biffi, Roberto"]
[Black "Mauri, Agostino"]
[WhiteElo "1691"]
[BlackElo "1551"]
[Result "1/2-1/2"]
[PlyCount "27"]
[EventDate "2012.12.05"]

1. d4 d5 2. c4 e6 3. Nc3 Nf6 4. Nf3 c6 5. e3 Nbd7 6. Be2 Bd6 7. c5 Bc7 8. Qc2
O-O 9. e4 dxe4 10. Nxe4 Nxe4 11. Qxe4 Nf6 12. Qh4 Ba5+ 13. Nd2 Nd5 14. Qxd8
1/2-1/2

[Event "XXXIII Memorial Edoardo Crespi B"]
[Site "Milano ITA"]
[Date "2012.12.06"]
[Round "2"]
[White "Bonghi, Fabrizio"]
[Black "Farina, Walter"]
[WhiteElo "1554"]
[BlackElo "1677"]
[Result "0-1"]
[PlyCount "66"]
[EventDate "2012.12.05"]

1. e4 c5 2. f4 Nc6 3. Nf3 d6 4. Bb5 Bd7 5. Nc3 e6 6. Bxc6 Bxc6 7. O-O Ne7 8. d4
cxd4 9. Nxd4 a6 10. f5 e5 11. Nxc6 bxc6 12. Kh1 Ng8 13. Qg4 Nf6 14. Qg3 h6 15.
Be3 Rb8 16. b3 Rb4 17. Qf3 Nh7 18. Rad1 Be7 19. g4 Ng5 20. Bxg5 Bxg5 21. Ne2
O-O 22. c4 Rb7 23. Qc3 Qf6 24. Ng3 Rd8 25. a3 Qe7 26. b4 Rbd7 27. Rb1 d5 28.
cxd5 cxd5 29. exd5 Rxd5 30. Ne4 Rd3 31. Qb2 R8d4 32. Rfe1 Bf4 33. Nf2 Rd2 0-1

[Event "XXXIII Memorial Edoardo Crespi B"]
[Site "Milano ITA"]
[Date "2012.12.06"]
[Round "2"]
[White "Cagnotto, Marco"]
[Black "Pirrello, Christian"]
[WhiteElo "1362"]
[BlackElo "1602"]
[Result "1/2-1/2"]
[PlyCount "51"]
[EventDate "2012.12.05"]

1. e4 c6 2. d4 d5 3. Nc3 dxe4 4. Nxe4 Bf5 5. Ng3 Bg6 6. c3 e6 7. Nf3 Nd7 8. Bd3
Bxd3 9. Qxd3 Be7 10. O-O Ngf6 11. Bf4 Nd5 12. Bd2 Qc7 13. c4 N5b6 14. Ne2 O-O
15. Bf4 Qd8 16. b3 Nf6 17. Rad1 c5 18. dxc5 Bxc5 19. Bd6 Bxd6 20. Qxd6 Nbd7 21.
Nc3 Qb6 22. Na4 Qxd6 23. Rxd6 b6 24. Rfd1 Nb8 25. Ne5 Na6 26. Nc6 1/2-1/2

[Event "XXXIII Memorial Edoardo Crespi B"]
[Site "Milano ITA"]
[Date "2012.12.06"]
[Round "2"]
[White "Capostagno, Francesco"]
[Black "Mazzoccoli, Simone"]
[WhiteElo "1587"]
[BlackElo "1681"]
[Result "0-1"]
[PlyCount "44"]
[EventDate "2012.12.05"]

1. e4 c5 2. Nf3 Nc6 3. d4 cxd4 4. Nxd4 g6 5. Be3 Bg7 6. c3 Nf6 7. Qa4 O-O 8.
Be2 Nxd4 9. Bxd4 b6 10. Bf3 Bb7 11. e5 Bxf3 12. exf6 Bc6 13. Qc2 exf6 14. O-O
Re8 15. Nd2 Rc8 16. Rad1 Qe7 17. Be3 Bb5 18. Rfe1 f5 19. Nf3 Qd8 20. Qd2 Qc7
21. Bf4 Qc4 22. Qd5 Rxe1+ 0-1

[Event "XXXIII Memorial Edoardo Crespi B"]
[Site "Milano ITA"]
[Date "2012.12.06"]
[Round "2"]
[White "Casamassima, Paolo"]
[Black "Colica, Daniele"]
[WhiteElo "1657"]
[BlackElo "1713"]
[Result "1-0"]
[PlyCount "119"]
[EventDate "2012.12.05"]

1. e4 d5 2. e5 Bf5 3. Nf3 c5 4. c3 e6 5. Bb5+ Nc6 6. Qa4 Qc7 7. O-O a6 8. d4
Rc8 9. Be2 Bg4 10. Nbd2 cxd4 11. cxd4 Nge7 12. h3 Bh5 13. Nb3 Bxf3 14. Bxf3 Nf5
15. Be3 Be7 16. Rac1 Qb6 17. Bg4 Nh4 18. Bd2 O-O 19. g3 Qa7 20. Nc5 Nxd4 21.
Qxd4 Bxc5 22. Rxc5 Rxc5 23. Bb4 b6 24. gxh4 Rc4 25. Qd2 Rfc8 26. Bc3 b5 27. Rd1
b4 28. Bd4 Qc7 29. Qe3 Qa5 30. Be2 Rc2 31. Bd3 R2c6 32. Bb1 Qc7 33. Qd3 g6 34.
Kg2 Qe7 35. Kg3 Rc1 36. Be3 Rxd1 37. Qxd1 Rc4 38. Bg5 Qc7 39. Bf6 Qc5 40. Qd2
Qf8 41. h5 Rc7 42. hxg6 hxg6 43. Qg5 Kh7 44. Qf4 Rc4 45. Qe3 Qh6 46. Bg5 Qg7
47. Bd3 Rc7 48. Qf4 Rc6 49. Qh4+ Kg8 50. Bf6 Qh7 51. Qxb4 Rc8 52. Bxa6 g5 53.
Qg4 Rc1 54. Qxg5+ Qg6 55. Qxg6+ fxg6 56. Bd3 Kf7 57. Kf3 Rd1 58. Ke2 Rh1 59. h4
Ra1 60. a3 1-0

[Event "XXXIII Memorial Edoardo Crespi B"]
[Site "Milano ITA"]
[Date "2012.12.06"]
[Round "2"]
[White "Casati, Ivan Mario"]
[Black "Donadi, Luca"]
[WhiteElo "1418"]
[BlackElo "1689"]
[Result "1/2-1/2"]
[PlyCount "49"]
[EventDate "2012.12.05"]

1. d4 Nf6 2. c4 g6 3. Nc3 d5 4. Nf3 Bg7 5. Bg5 Be6 6. cxd5 Nxd5 7. e4 Nxc3 8.
bxc3 c5 9. Qd2 cxd4 10. cxd4 O-O 11. Be2 Nc6 12. Rd1 Bg4 13. d5 Bxf3 14. Bxf3
Ne5 15. Be2 f6 16. Bh6 Rc8 17. O-O Qd7 18. Bxg7 Kxg7 19. f4 Nc4 20. Qd4 b5 21.
g4 Kg8 22. h3 Qd6 23. Rf3 Rfd8 24. Rc1 Qa6 25. Rfc3 1/2-1/2

[Event "XXXIII Memorial Edoardo Crespi B"]
[Site "Milano ITA"]
[Date "2012.12.06"]
[Round "2"]
[White "Ceraulo, Carlo Alberto"]
[Black "Anguilla, Alfonso"]
[WhiteElo "1544"]
[BlackElo "1660"]
[Result "0-1"]
[PlyCount "49"]
[EventDate "2012.12.05"]

1. d4 Nf6 2. c4 e5 3. e3 Bb4+ 4. Nc3 Qe7 5. Qc2 exd4 6. a3 Bxc3+ 7. bxc3 dxc3
8. Bd3 b6 9. a4 Bb7 10. Ba3 c5 11. Nf3 Be4 12. Qxc3 Nc6 13. Be2 O-O 14. O-O Ng4
15. Rfd1 Nge5 16. Nxe5 Qxe5 17. Qxe5 Nxe5 18. f4 Ng6 19. Rxd7 Nh4 20. g3 Nf5
21. Kf2 Rfd8 22. Rad1 Rxd7 23. Rxd7 Bc6 24. Rd1 Bxa4 25. Bf3 0-1

[Event "XXXIII Memorial Edoardo Crespi B"]
[Site "Milano ITA"]
[Date "2012.12.06"]
[Round "2"]
[White "Colonetti, Fabio"]
[Black "Spada, Maurizio"]
[WhiteElo "1446"]
[BlackElo "1625"]
[Result "1/2-1/2"]
[PlyCount "41"]
[EventDate "2012.12.05"]

1. e4 e5 2. Nf3 Nc6 3. Bc4 Nf6 4. Ng5 d5 5. exd5 Na5 6. Bb5+ c6 7. dxc6 bxc6 8.
Bd3 h6 9. Ne4 Be7 10. O-O O-O 11. Nbc3 Nxe4 12. Bxe4 f5 13. Bf3 Bd6 14. d3 Nb7
15. Bxc6 Qc7 16. Bd5+ Kh8 17. Qh5 Qe7 18. Re1 f4 19. Be4 Be6 20. Qg6 Bg8 21.
Nd5 1/2-1/2

[Event "XXXIII Memorial Edoardo Crespi B"]
[Site "Milano ITA"]
[Date "2012.12.06"]
[Round "2"]
[White "Confalonieri, Luca"]
[Black "Frignani, Alessandro"]
[WhiteElo "1607"]
[BlackElo "1344"]
[Result "1-0"]
[PlyCount "51"]
[EventDate "2012.12.05"]

1. e4 e5 2. Nf3 d6 3. Bc4 h6 4. Nc3 c6 5. d4 Bg4 6. Be3 f6 7. h3 Bxf3 8. Qxf3
Qe7 9. d5 c5 10. Qf5 Nd7 11. Bb5 a6 12. Be2 O-O-O 13. Na4 Kb8 14. b4 b5 15. Nb2
Nb6 16. a4 Qd7 17. Qxd7 Nxd7 18. axb5 axb5 19. Bxb5 Ne7 20. bxc5 Nxc5 21. Bxc5
dxc5 22. Ke2 Nc8 23. Nc4 Nd6 24. Rhb1 Nxe4 25. Bd7+ Kc7 26. Ra7# 1-0

[Event "XXXIII Memorial Edoardo Crespi B"]
[Site "Milano ITA"]
[Date "2012.12.06"]
[Round "2"]
[White "Corti, Filippo"]
[Black "Valdettaro, Filippo"]
[WhiteElo "1649"]
[BlackElo "1708"]
[Result "0-1"]
[PlyCount "66"]
[EventDate "2012.12.05"]

1. Nf3 f5 2. e4 fxe4 3. Ng5 Nc6 4. d3 e3 5. Bxe3 e5 6. Nc3 d5 7. d4 exd4 8. Bd3
Nf6 9. Nxh7 dxe3 10. Bg6+ Ke7 11. Nxf6 Kxf6 12. Bd3 d4 13. Qf3+ Ke7 14. Nd5+
Kd6 15. c4 Ne5 16. Qe4 Nxd3+ 17. Qxd3 exf2+ 18. Kf1 Qh4 19. Ne3 c5 20. b4 b6
21. bxc5+ bxc5 22. Rb1 Kc6 23. Qg6+ Qf6 24. Qe4+ Kd7 25. Qxa8 dxe3 26. Rd1+ Bd6
27. Qxa7+ Ke8 28. Qa4+ Ke7 29. Qc2 Bg4 30. Qe4+ Qe6 31. Qxe6+ Kxe6 32. Rb1 Bg3
33. Rb6+ Ke5 0-1

[Event "XXXIII Memorial Edoardo Crespi B"]
[Site "Milano ITA"]
[Date "2012.12.06"]
[Round "2"]
[White "Costanza, Calogero"]
[Black "Lavorgna, Francesco"]
[WhiteElo "1683"]
[BlackElo "1419"]
[Result "1-0"]
[PlyCount "133"]
[EventDate "2012.12.05"]

1. d4 Nf6 2. Nf3 g6 3. Nbd2 Bg7 4. e4 d6 5. c3 O-O 6. Bd3 Nbd7 7. O-O e5 8. Re1
a5 9. Nf1 Rb8 10. Bg5 b5 11. Ng3 Qe8 12. Qc1 c5 13. Bh6 exd4 14. cxd4 c4 15.
Bc2 b4 16. Bf4 Rb6 17. Ba4 Bb7 18. Qxc4 Ba6 19. Qc7 Qe7 20. Qc2 Rc8 21. Qd2 Bb7
22. Rac1 Rxc1 23. Qxc1 Nb8 24. d5 Na6 25. Be3 Nc5 26. Bc2 Qc7 27. Bd3 Nfd7 28.
Bb1 Qd8 29. Qd2 b3 30. Qxa5 bxa2 31. Bxa2 Bxb2 32. Bc4 Bg7 33. Bd4 Bxd4 34.
Nxd4 Ne5 35. Be2 Ned3 36. Rf1 Nf4 37. f3 h5 38. Bc4 Nd7 39. Qd2 Qg5 40. Qf2 h4
41. Kh1 hxg3 42. Qxg3 Qxg3 43. hxg3 Nh5 44. Kh2 Rb4 45. Bb5 Rxd4 46. Bxd7 Rd2
47. Kh3 Ba6 48. Rc1 Rf2 49. Bc8 Bf1 50. Rc6 Rxg2 51. Kh4 f6 52. Be6+ Kh7 53.
Rc7+ Kh6 54. f4 Rh2+ 55. Bh3 Rxh3+ 56. Kg4 Be2+ 57. Kxh3 Bd3 58. Re7 Ng7 59. g4
Bc2 60. Kg3 Ba4 61. Rf7 Ne8 62. Ra7 Bc2 63. Kf3 Bd1+ 64. Kg3 Bc2 65. Rf7 Ba4
66. Kh4 Bb5 67. g5+ 1-0

[Event "XXXIII Memorial Edoardo Crespi B"]
[Site "Milano ITA"]
[Date "2012.12.06"]
[Round "2"]
[White "Crippa, Oscar"]
[Black "Calabrese, Maurizio"]
[WhiteElo "1671"]
[BlackElo "1528"]
[Result "1-0"]
[PlyCount "49"]
[EventDate "2012.12.05"]

1. e4 e5 2. Nf3 Nc6 3. d4 exd4 4. c3 dxc3 5. Nxc3 g6 6. Bc4 Bg7 7. Bg5 Bxc3+ 8.
bxc3 f6 9. Bf4 Qe7 10. O-O d6 11. Qd5 Qg7 12. Qd2 Nge7 13. Bh6 Qxh6 14. Qxh6
Kd7 15. Qg7 Rd8 16. Qxf6 Re8 17. e5 d5 18. Rfd1 Rg8 19. Qf7 Nd8 20. Rxd5+ Kc6
21. Qxe7 b6 22. Rxd8 Rxd8 23. Qxd8 Kb7 24. Bd5+ c6 25. Qe7+ 1-0

[Event "XXXIII Memorial Edoardo Crespi B"]
[Site "Milano ITA"]
[Date "2012.12.06"]
[Round "2"]
[White "Figini, Vittorio"]
[Black "Milano, Maria"]
[WhiteElo "1531"]
[BlackElo "1636"]
[Result "1/2-1/2"]
[PlyCount "53"]
[EventDate "2012.12.05"]

1. e4 e6 2. Nc3 d5 3. exd5 exd5 4. d4 Nf6 5. Be2 Be7 6. Nf3 Bf5 7. h3 Nc6 8. a3
O-O 9. Bg5 Re8 10. O-O Ne4 11. Bxe7 Nxe7 12. Re1 Qd7 13. Ne5 Qc8 14. Bg4 f6 15.
Bxf5 Qxf5 16. Nxe4 dxe4 17. Ng4 Rad8 18. Ne3 Qg6 19. c3 c5 20. d5 f5 21. f4 Qd6
22. Qb3 Kh8 23. g3 Qg6 24. Kh2 Qf7 25. c4 Nc8 26. Qc3 Nd6 27. b4 1/2-1/2

[Event "XXXIII Memorial Edoardo Crespi B"]
[Site "Milano ITA"]
[Date "2012.12.06"]
[Round "2"]
[White "Fornari, Sergio"]
[Black "Alidosi, Marco"]
[WhiteElo "1629"]
[BlackElo "1785"]
[Result "1-0"]
[PlyCount "123"]
[EventDate "2012.12.05"]

1. d4 Nf6 2. Nf3 g6 3. Nbd2 Bg7 4. b3 O-O 5. Bb2 d6 6. e4 Nbd7 7. Bd3 c5 8. c3
b6 9. O-O e5 10. d5 Nh5 11. g3 Ndf6 12. Re1 Ne8 13. Bc1 Bh6 14. Nc4 Bxc1 15.
Qxc1 Bd7 16. Ne3 Qf6 17. Be2 Qg7 18. Ng2 Nc7 19. c4 f5 20. exf5 Bxf5 21. Nfh4
Bh3 22. Ne3 Nf6 23. Nd1 g5 24. Nf3 h6 25. Bf1 Bg4 26. Bg2 Qd7 27. Ne3 Bh3 28.
Qc2 Bxg2 29. Qg6+ Qg7 30. Qxg7+ Kxg7 31. Kxg2 Kg6 32. h4 Rf7 33. hxg5 hxg5 34.
Nd2 Raf8 35. Rf1 Nce8 36. f3 Ng7 37. g4 Nfe8 38. Rf2 Nf6 39. Raf1 a5 40. Ne4
Nxe4 41. fxe4 Rf4 42. Rxf4 exf4 43. Nf5 Ne8 44. Rh1 Kf6 45. Kf3 Ke5 46. Ne7 Kf6
47. Nc8 Kg6 48. Nxb6 Nf6 49. Na4 Re8 50. Nc3 Ra8 51. Nb5 Ne8 52. Re1 Kf6 53.
Nxd6 Ke5 54. Nb7 a4 55. Nxc5 axb3 56. axb3 Ra2 57. Ne6 Rb2 58. Nxg5 Rxb3+ 59.
Kf2 Rc3 60. Nf3+ Kd6 61. e5+ Kd7 62. Re4 1-0

[Event "XXXIII Memorial Edoardo Crespi B"]
[Site "Milano ITA"]
[Date "2012.12.06"]
[Round "2"]
[White "Gerosa, Davide"]
[Black "Nanni, Sergio"]
[WhiteElo "1539"]
[BlackElo "1650"]
[Result "1-0"]
[PlyCount "79"]
[EventDate "2012.12.05"]

1. e4 e5 2. Nf3 Nf6 3. Nxe5 d6 4. Nf3 Nxe4 5. d3 Nf6 6. Bg5 Be7 7. Be2 O-O 8.
O-O d5 9. Re1 c5 10. c4 Be6 11. Nc3 d4 12. Bxf6 Bxf6 13. Ne4 Be7 14. Qb3 Nc6
15. a3 Na5 16. Qc2 b5 17. b3 bxc4 18. bxc4 g5 19. Rab1 f5 20. Ned2 Nc6 21. Bf1
Qc8 22. Ne5 Nxe5 23. Rxe5 Bd6 24. Ree1 Qc7 25. g3 Rf6 26. Bg2 Rb8 27. Rxb8+
Qxb8 28. Rb1 Qf8 29. Rb7 f4 30. Ne4 Rg6 31. Nxd6 Qxd6 32. Qa4 Qf8 33. Qxa7 Rg7
34. Rxg7+ Qxg7 35. Qxc5 fxg3 36. hxg3 Kh8 37. Qd6 Bd7 38. Bd5 h5 39. Qb8+ Kh7
40. Be4+ 1-0